[Event "95th ch-GBR Playoff"]
[Site "Liverpool ENG"]
[Date "2008.08.09"]
[Round "1"]
[White "Arkell,K"]
[Black "Conquest,S"]
[Result "1/2-1/2"]
[WhiteElo "2506"]
[BlackElo "2536"]
[EventDate "2008.08.09"]

1. d4 g6 2. Nf3 Bg7 3. c4 Nf6 4. g3 d5 5. cxd5 Nxd5 6. Nc3 Nb6 7. Bg2 Nc6
8. e3 O-O 9. O-O Re8 10. b3 e5 11. dxe5 Bg4 12. Qc2 Qe7 13. Bb2 Rad8 14. a3
Bf5 15. e4 Bg4 16. Ne2 Bxf3 17. Bxf3 Bxe5 18. Bg2 Bxb2 19. Qxb2 Ne5 20.
Rfd1 c6 21. h3 Nd3 22. Qc3 Nc5 23. f3 Rd6 24. Rxd6 Qxd6 25. b4 Ne6 26. f4
Rd8 27. e5 Qd3 28. Qxd3 Rxd3 29. a4 a6 30. b5 axb5 31. axb5 cxb5 32. Rb1
Nc4 33. Rxb5 Rd2 34. Bf3 b6 35. Kf1 Rc2 36. Ke1 Nc5 37. Nd4 Nd3+ 38. Kf1
Ne3+ 39. Kg1 Rc1+ 40. Kh2 Nf1+ 41. Kg2 Ne3+ 42. Kh2 Nf1+ 43. Kg2 Ne3+
1/2-1/2